000 01167cam a2200325 i 4500
001 16677971
003 EG-ScBUE
005 20241215093937.0
008 110304s2011 nyu f 000 0 eng d
020 _a1441998837
020 _a9781441998835 (hard cover : alk. paper)
040 _aDLC
_beng
_erda
_cDLC
_dEG-ScBUE
082 0 4 _222
_a522.67
_bHIG
245 0 0 _aHigh-resolution X-ray spectroscopy :
_bpast, present and future /
_cJelle Kaastra, Frits Paerels, editors.
250 _aFirst edition.
264 1 _aNew York :
_bSpringer,
_c2011.
300 _a277 pages :
_billustrations (some color) ;
_c24 cm
336 _2rdacontent
_atext
_btxt
337 _aunmediated
_2rdamedia
_bn
338 _avolume
_bnc
_2rdacarrier
504 _aIncludes bibliographical references and index.
650 7 _928998
_aX-ray spectroscopy.
_2BUEsh
650 7 _928999
_aHigh resolution spectroscopy.
_2BUEsh
653 _cFebruary2012
655 _vReading book
700 1 _929000
_aKaastra, Jelle Sjerp
_d1957-
_eeditor.
700 1 _929001
_aPaerels, Frits,
_eeditor.
942 _2ddc
_cBB
999 _c16488
_d16488